Makli : (Record no. 331240)

000 -LEADER
fixed length control field 01085cam a2200313 a 4500
001 - CONTROL NUMBER
control field 12250255
003 - CONTROL NUMBER IDENTIFIER
control field NUST
005 - DATE AND TIME OF LATEST TRANSACTION
control field 20170922122427.0
008 - FIXED-LENGTH DATA ELEMENTS--GENERAL INFORMATION
fixed length control field 000202s2000 pk a 000 0 eng
010 ## - LIBRARY OF CONGRESS CONTROL NUMBER
LC control number 00281741
020 ## - INTERNATIONAL STANDARD BOOK NUMBER
International Standard Book Number 9693510755
025 ## - OVERSEAS ACQUISITION NUMBER
Overseas acquisition number P-E-00281741; 07; 12
035 ## - SYSTEM CONTROL NUMBER
System control number (DLC) 00281741
040 ## - CATALOGING SOURCE
Original cataloging agency DLC
Transcribing agency DLC
Modifying agency DLC
042 ## - AUTHENTICATION CODE
Authentication code lcode
043 ## - GEOGRAPHIC AREA CODE
Geographic area code a-pk--
050 00 - LIBRARY OF CONGRESS CALL NUMBER
Classification number DS392.M33
Item number N34 2000
082 ## - DEWEY DECIMAL CLASSIFICATION NUMBER
Classification number 915.491
Author Mark NAD
100 1# - MAIN ENTRY--PERSONAL NAME
Personal name Nadiem, Ihsan H.
9 (RLIN) 3762
245 10 - TITLE STATEMENT
Title Makli :
Remainder of title the necropolis at Thatta /
Statement of responsibility, etc. Ihsan H. Nadiem.
260 ## - PUBLICATION, DISTRIBUTION, ETC.
Place of publication, distribution, etc. Lahore :
Name of publisher, distributor, etc. Sang-e-Meel Publications,
Date of publication, distribution, etc. 2000.
300 ## - PHYSICAL DESCRIPTION
Extent 128 p. :
Other physical details ill. (some col.) ;
Dimensions 25 cm.
504 ## - BIBLIOGRAPHY, ETC. NOTE
Bibliography, etc. note Includes bibliographical references (p. 127-128).
650 #0 - SUBJECT ADDED ENTRY--TOPICAL TERM
Topical term or geographic name entry element Tombs
Geographic subdivision Pakistan
-- Makli Hills Site.
9 (RLIN) 4844
650 #0 - SUBJECT ADDED ENTRY--TOPICAL TERM
Topical term or geographic name entry element Islamic architecture
Geographic subdivision Pakistan
-- Makli Hills Site.
9 (RLIN) 4845
651 #0 - SUBJECT ADDED ENTRY--GEOGRAPHIC NAME
Geographic name Makli Hills Site (Pakistan)
9 (RLIN) 4846
906 ## - LOCAL DATA ELEMENT F, LDF (RLIN)
a 7
b cbc
c origode
d 3
e ncip
f 20
g y-gencatlg
942 ## - ADDED ENTRY ELEMENTS (KOHA)
Source of classification or shelving scheme
Koha item type Book
Holdings
Withdrawn status Lost status Source of classification or shelving scheme Damaged status Not for loan Collection code Permanent Location Current Location Shelving location Date acquired Total Checkouts Full call number Barcode Date last seen Copy number Price effective from Koha item type
            Central Library (CL) Central Library (CL) Book Cart 09/22/2017   915.491 NAD CL2908 09/22/2017 1 09/22/2017 Book
© 2023 Central Library, National University of Sciences and Technology. All Rights Reserved.